Contes choisis / (Record no. 170160)

MARC details
000 -LEADER
campo de control de longitud fija 00694nam a2200205 i 4500
001 - NÚMERO DE CONTROL
campo de control 170160
003 - IDENTIFICADOR DE NÚMERO DE CONTROL
campo de control ES-MaACL
005 - FECHA Y HORA DE LA ÚLTIMA TRANSACCIÓN
campo de control 20230906214315.0
008 - DATOS DE LONGITUD FIJA--INFORMACIÓN GENERAL
campo de control de longitud fija 090206s1931 fr |||| | fre d
080 ## - NÚMERO DE LA CLASIFICACIÓN DECIMAL UNIVERSAL
Número de la Clasificación Decimal Universal 821.133.1-34"18"
100 0# - ENTRADA PRINCIPAL--NOMBRE DE PERSONA
Nombre de persona Louys, Pierre.
9 (RLIN) 139378
245 10 - MENCIÓN DEL TÍTULO
Título Contes choisis /
Mención de responsabilidad, etc. Pierre Louÿs ; 50 bois originaux de Jean Lebedeff.
260 ## - PUBLICACIÓN, DISTRIBUCIÓN, ETC.
Lugar de publicación, distribución, etc. Paris :
Nombre del editor, distribuidor, etc. Arthème Fayard et Cie,
Fecha de publicación, distribución, etc. 1931.
300 ## - DESCRIPCIÓN FÍSICA
Extensión 124, [2] p. :
Otras características físicas il. ;
Dimensiones 24 cm.
490 1# - MENCIÓN DE SERIE
Mención de serie Le livre de demain ;
Designación de volumen o secuencia 78
700 1# - ENTRADA AGREGADA--NOMBRE PERSONAL
Nombre de persona Lebedeff, Jean.
9 (RLIN) 139379
830 0# - PUNTO DE ACCESO ADICIONAL DE SERIE-TÍTULO UNIFORME
Título uniforme Le livre de demain ;
Designación de volumen o secuencia 78
9 (RLIN) 183404
852 4# - LOCALIZACIÓN
Ubicación ES-MaACL
Número de control de estantería E-12424
itemnumber R.140610
Nota libre . - Biblioteca Jacinto Martínez Lacalle
Holdings
Estatus retirado Estado de pérdida Estado de daño No para préstamo Biblioteca de origen Biblioteca actual Ubicación en estantería Fecha de adquisición Fuente de adquisición Total de préstamos Signatura topográfica completa Código de barras Visto por última vez Precio de reemplazo Tipo de ítem Koha
        Biblioteca del Ateneo de Madrid Biblioteca del Ateneo de Madrid Depósito 2 06/02/2009     E-12424 1178645 23/02/2023 23/02/2023 Libro impreso